000 00703nam a2200217 4500
001 119647
003 ES-MaACL
005 20230906191350.0
007 t|
008 070214s1983 sp r ||||1| spa d
020 _a84-7231-857-5
080 _a75(460.355)"18/19"
100 1 _aPérez Mulet, Fernando.
_991049
245 1 3 _aLa pintura gaditana (1875-1931) /
_cFernando Pérez Mulet.
260 _aCádiz :
_bAyuntamiento de Cádiz :
_bMonte de Piedad y Caja de Ahorros,
_c1983.
300 _a307 p., 4 lám. :
_bil. ;
_c24 cm.
504 _aBibliografía: p. 289-294.
650 4 _aPintura-
_zCádiz (Provincia)
_9172862
710 1 _aCádiz.
_bAyuntamiento.
_92267
852 _aES-MaACL
_jL-4950
999 _c119647
_d119647